Využitá dotácia

Bibliographic Details
Format: Article
Language:Slovak
Subjects:

MARC

LEADER 00000nab a2200000 a 4500
001 vtls001022975
003 SK-MaSNL
005 20260305035055.0
008 040720e19951019xo 0 slo
035 |a SL1560 
040 |a SLLK  |b slo  |c SLLK  |e AACR2 
041 0 |a slo 
044 |a xo  |c SK 
080 |a 628.4  |2 1981 
245 0 0 |a Využitá dotácia  |c [autor] /R/ 
650 0 7 |a komunálny odpad  |x separovaný zber  |2 snkbucl  |9 1028916 
651 7 |a Podolínec (Slovensko)  |2 SLLK  |9 19195 
651 7 |a Stará Ľubovňa (Slovensko : okres)  |2 snkbucl  |9 19196 
773 0 8 |t Ľubovnianske noviny  |g Roč. 21, č.42, 19.10.1995, s. 1 
852 |a ZVYKNI  |b KIS3GCP 
999 |c 3331906  |d 3333836